00000000cam 2200000zi 4500
0019.956313
003CaOODSP
00520251208155904
006m     o  d f      
007cr |n|||||||||
008251014e202511  mbcbd   ob   f000 0 fre d
020 |a9780660793337
040 |aCaOODSP|bfre|erda|cCaOODSP
043 |an-cn---
0861 |aFs70-7/2025-032F-PDF
24500|aPoints de référence limites pour la population de baleines boréales de l’est du Canada et de l’ouest du Groenland.
24637|aAbondance et PRL de la population de baleines boréales de l’est du Canada et de l’ouest du Groenland
264 1|aWinnipeg : |bSecrétariat canadien de consultation scientifique, |cnovembre 2025.
264 4|c©2025
300 |a1 ressource en ligne (19 pages) : |bcartes, graphiques.
336 |atexte|btxt|2rdacontent/fre
337 |ainformatique|bc|2rdamedia/fre
338 |aressource en ligne|bcr|2rdacarrier/fre
4901 |aRéponse des sciences, |x1919-3815 ; |v2025/032
500 |aPublié aussi en anglais sous le titre : Eastern Canada-West Greenland bowhead whale population abundance and limit reference point.
500 |aTitre de départ.
504 |aComprend des références bibliographiques (pages 17-19).
650 6|aBaleines|xPopulations|xEstimation|zAtlantique Nord.
650 6|aBaleine du Groenland|xChasse|zAtlantique Nord.
7101 |aCanada. |bMinistère des pêches et des océans. |bRégion de l'Arctique, |eorganisme de publication.
7102 |aSecrétariat canadien de consultation scientifique, |eorganisme de publication.
77508|tEastern Canada-West Greenland bowhead whale population abundance and limit reference point.|w(CaOODSP)9.956314
830#0|aRéponse des sciences (Secrétariat canadien de consultation scientifique)|v2025/032.|w(CaOODSP)9.502630
85640|qPDF|s752 Ko|uhttps://publications.gc.ca/collections/collection_2025/mpo-dfo/fs70-7/Fs70-7-2025-032-fra.pdf